书目信息 |
| 题名: |
知识分子: 美学、政治与美术
|
|
| 作者: | 罗宾斯 编著 ;王文斌 译 | |
| 分册: | ||
| 出版信息: | 南京 江苏人民出版社 2002 |
|
| 页数: | 413页 | |
| 开本: | 20cm | |
| 丛书名: | 知识分子译丛 | |
| 单 册: | ||
| 中图分类: | D56 | |
| 科图分类: | ||
| 主题词: | 知识分子--研究--世界 | |
| 电子资源: | ||
| ISBN: | 7-214-03133-7 | |
| 000 | 01133oam2 2200289 450 | |
| 001 | 1250184993 | |
| 005 | 20121005135720.62 | |
| 010 | @a7-214-03133-7@dCNY25.00 | |
| 100 | @a20030220d2002 em y0chiy0110 ea | |
| 101 | 1 | @achi@ceng |
| 102 | @aCN@b320000 | |
| 105 | @ay z 000yy | |
| 200 | 1 | @a知识分子: 美学、政治与美术@Azhi shi fen zi : mei xue、 zheng zhi yu mei shu@f(美)布鲁斯·罗宾斯编著@g王文斌...<等>译 |
| 210 | @a南京@c江苏人民出版社@d2002 | |
| 215 | @a413页@d20cm | |
| 225 | 2 | @a知识分子译丛@Azhi shi fen zi yi cong@f主编 周宪, 许钧 |
| 312 | @a版权页并列题名: Intellectuals: aesthetics, politics, academics | |
| 320 | @a有索引(第399-410页) | |
| 330 | @a本书作者以独到的视角对知识分子加以阐述, 探讨了知识分子的道德价值、政治取向、学术探索和审美情趣等多方面特性。 | |
| 454 | 1 | @12001@aIntellectuals: aesthetics, politics, academics@12001701 1@aRobbins,@bBruce |
| 461 | 0 | @12001 @a知识分子译丛 |
| 606 | 0 | @a知识分子@x研究@y世界 |
| 690 | @aD56@v4 | |
| 701 | 1 | @a罗宾斯@Aluo bin si@bB.@g(Robbins, Bruce)@4编著 |
| 702 | 0 | @a王文斌@Awang wen bin@4译 |
| 801 | 0 | @aCN@bNLC@c20101222 |
| 905 | @a10447@dD56@eJY26 | |
| 知识分子: 美学、政治与美术/(美)布鲁斯·罗宾斯编著/王文斌...<等>译.-南京:江苏人民出版社,2002 |
| 413页;20cm.-(知识分子译丛/主编 周宪, 许钧) |
| 译自: |
| ISBN 7-214-03133-7:CNY25.00 |
| 本书作者以独到的视角对知识分子加以阐述, 探讨了知识分子的道德价值、政治取向、学术探索和审美情趣等多方面特性。 |
| ● |
| 相关链接 |
|
|
|
|
正题名:知识分子: 美学、政治与美术
索取号:D56/JY26
 
预约/预借
| 序号 | 登录号 | 条形码 | 馆藏地/架位号 | 状态 | 备注 |
| 1 | 7811802 | 278118029 | 学院路分馆/ [索取号:D56/JY26] | 在馆 | |
| 2 | 7811803 | 278118038 | 学院路分馆/ [索取号:D56/JY26] | 在馆 | |
| 3 | 7811804 | 278118047 | 学院路分馆/ [索取号:D56/JY26] | 在馆 | |
| 4 | 7811805 | 278118056 | 学院路分馆/ [索取号:D56/JY26] | 在馆 | |
| 5 | 7811806 | 278118065 | 学院路分馆/ [索取号:D56/JY26] | 在馆 |